TVDU quizzz - Statistics

General Stats
  • This quiz has been taken 118 times
  • The average score is 17 of 21
Answer Stats
Hint Answer % Correct
vampire damon/caroline/kaleb/elena/camille
98%
bennett witch bonnie/abby/emily/qetsiyah
97%
witch bonnie/davina/liv
97%
doppleganger elena/katherine/tatia
97%
original hybrid klaus
96%
hybrid hayley/tyler
94%
werewolf tyler/jules/jackson
94%
ripper stefan
93%
human matt/liz forbes
92%
augustine vampire damon/enzo
89%
first pregnant vampire caroline
88%
original family mikaelson
88%
original vampire kol/elijah/finn
84%
original witch freya/esther
83%
original tribrid hope
79%
heretic nora/valerie/lizzie/kai
74%
first original vampire rebekah
68%
siphon kai/josie/lizzie
67%
upgraded vampire aurora/marcel/lucien
58%
mermaid sybil/seline
58%
phoneix landon
32%
No matching quizzes found
Score Distribution
Percent of People with Each Score
Percentile by Number Answered
Your Score History
You have not taken this quiz